Normal view
MARC view
- COMMUTATIVE ALGEBRA NUMBER THEORY ALGEBRA
Entry Topical Term
001 - CONTROL NUMBER
- control field: 77971
003 - CONTROL NUMBER IDENTIFIER
- control field: NUST
005 - DATE AND TIME OF LATEST TRANSACTION
- control field: 20210628210038.0
008 - FIXED-LENGTH DATA ELEMENTS
- fixed length control field: 210628|| aca||aabn | a|a d
040 ## - CATALOGING SOURCE
- Original cataloging agency: NUST
- Transcribing agency: NUST
150 ## - HEADING--TOPICAL TERM
- Topical term or geographic name entry element: COMMUTATIVE ALGEBRA NUMBER THEORY ALGEBRA
670 ## - SOURCE DATA FOUND
- Source citation: Work cat.: (NUST): Adhikari, Sukumar.Das 77970, An introduction to commutative algebra and number theory, 1999
